| 000 | 01165nam a2200241 a 4500 | ||
|---|---|---|---|
| 003 | DO-SdBNP | ||
| 005 | 20220916101738.0 | ||
| 007 | ta | ||
| 008 | 220915e2004 dr ad||| t||| 001 0 spa d | ||
| 040 |
_aDO-SdBNP _bspa _cBNPHU |
||
| 082 | 4 |
_222 _bR426m |
|
| 110 | 4 |
_957556 _aRepública Dominicana. _bPresidencia de la República. Centro de Información Gubernamental, |
|
| 245 | 1 | 0 | _aMemorias 2000 - 2004. / |
| 260 |
_aSanto Domingo : _bCIG, _c[2004] |
||
| 300 |
_a72 p. : _bil., gráf. ; _c28 cm. |
||
| 505 |
_aPresentación. _tIntroducción.-- _tDepartamento de Prensa.-- _tDepartamento de Fotografía.-- _tDepartamento de Logística.-- _tDepartamento de Edición.-- _tDepartamento de Contabilidad.-- _tDepartamento de Recursos Humanos.-- _tDepartamento de Informática.-- _tInventario de Muebles y Equipos. |
||
| 590 | _aInventariado 2022 / MF | ||
| 650 | 4 |
_aInstituciones públicas _xMemorias e informes _zRepública Dominicana _982134 |
|
| 650 | 4 |
_2Centro de Información Gubernamental _xMemorias e Informes _zRepública Dominicana _982371 |
|
| 651 | 4 |
_aRepública Dominicana _vMemorias e Informes _xAdministración Pública _982372 |
|
| 910 | _aMFeliz | ||
| 942 |
_2ddc _cLBS1 |
||
| 999 |
_c52400 _d52400 |
||